000 01110nam0a22002651 4500
001 rc\749859
005 20260409064829.0
035 _a(NLR Aleph) 006278467
090 _a7024182
_c7024182
100 _a20040301d1985 |||y0rusy50 ca
101 0 _arus
102 _aRU
105 _aa |||||||||
200 1 _aВопросы прочности, устойчивости и колебаний конструкций летательных аппаратов
_eМежвуз. сб.
_fКазан. авиац. ин-т им. А.Н. Туполева
_g[Редкол.: Ю.Г. Одиноков (отв. ред.) и др.]
210 _aКазань
_cКАИ
_d1985
215 _a125, [1], VIII с.
_cил.
_d20
320 _aБиблиогр. в конце ст.
702 1 _aОдиноков
_bЮ.Г.
_gЮрий Георгиевич
_4340
712 0 2 _4475
_aКазанский авиационный институт им. А. Н. Туполева
_3RU\NLR\AUTH\880623550
_92655918
801 0 _aRU
_bNLR
_gpsbo
801 1 _aRU
_bELAR
_2rusmarc
852 _aNLR
_j86-3/5427
942 _cBOOK
980 _aNB